[Event "Bordeaux op Febr 1st"]
[Site "Bordeaux"]
[Date "2018.02.10"]
[Round "2"]
[White "Pinson, Clement"]
[Black "Devallee, Jeremie"]
[Result "0-1"]
[WhiteElo "1742"]
[BlackElo "2186"]
[PlyCount "80"]
[EventDate "2018.02.10"]
[EventType "swiss"]
[EventRounds "7"]
[EventCountry "FRA"]
[SourceTitle "CBM 183 Extra"]
[Source "ChessBase"]
[SourceDate "2018.04.19"]
[SourceVersion "1"]
[SourceVersionDate "2018.04.19"]
[SourceQuality "1"]

1. e4 c6 2. d4 d5 3. exd5 cxd5 4. c4 Nf6 5. Nf3 g6 6. Nc3 Bg7 7. cxd5 0-0 8. Bc4 Nbd7 9. d6 exd6 10. 0-0 Nb6 11. Bb3 Bf5 12. Nh4 Bg4 13. Qd3 Re8 14. h3 Be6 15. d5 Bd7 16. f4 Nh5 17. Nf3 Bf5 18. Qd1 Ng3 19. Re1 Qc7 20. Be3 Ne4 21. Bd4 Nxc3 22. bxc3 Rxe1+ 23. Qxe1 Rc8 24. Rc1 Bd7 25. Qf2 Bxd4 26. Qxd4 Qc5 27. Kf2 Qxd4+ 28. Nxd4 Rc5 29. c4 Nxd5 30. Kf3 Nb6 31. Re1 Kf8 32. Nb5 Bxb5 33. cxb5 Rxb5 34. Rd1 d5 35. Rc1 Nc4 36. Bxc4 Rc5 37. Bxd5 Rxc1 38. Bxb7 Rc3+ 39. Kg4 f5+ 40. Kh4 Rc2 0-1